000 00325nam a2200121Ia 4500
005 20251222154328.0
008 251222s9999||||xx |||||||||||||| ||spa||
020 _a84-370-0106-4
082 _a306.347/P23
100 _a"Paniagua, Xavier"
245 0 _aEducación y economía en el sindicalismo de Marín Civera
942 _cLIB
999 _c34054
_d34054